000 00342nam a2200145Ia 4500
100 _aGaonkar/ R.S.
942 _cBK
654 _aMicroprocessor
245 _aMicroprocessor architecture programming & applications
260 _bWiley eastern
_aNew Delhi
_c1986
082 _a4.16
_bGAO
300 _a656
546 _aENGLISH
999 _c34340
_d34340